书目信息 |
| 题名: |
与历史同行
|
|
| 作者: | 李敏 编著 | |
| 分册: | 概况篇 | |
| 出版信息: | 北京 人民美术出版社 2020.9 |
|
| 页数: | 241页 | |
| 开本: | 26cm | |
| 丛书名: | 川美学统文库 | |
| 单 册: | ||
| 中图分类: | J124 | |
| 科图分类: | ||
| 主题词: | ||
| 电子资源: | ||
| ISBN: | 978-7-102-08440-4 | |
| 000 | 01142nam0 2200277 45 | |
| 001 | 012001000889 | |
| 005 | 20130910082711.0 | |
| 010 | @a978-7-102-08440-4@b精装@dCNY186.00 | |
| 100 | @a20210302d2020 em y0chiy0110 ea | |
| 101 | 0 | @achi |
| 102 | @aCN@b110000 | |
| 105 | @aa z 000yy | |
| 106 | @ar | |
| 200 | 1 | @a与历史同行@Ayu li shi tong xing@e四川美术学院的艺术追求@i概况篇@dFollow the history@ethe artistic pursuit of Sichuan Fine Arts Institute@iOverview@f李敏编著@zeng |
| 210 | @a北京@c人民美术出版社@d2020.9 | |
| 215 | @a241页@c彩图,彩照@d26cm | |
| 225 | 2 | @a川美学统文库@f庞茂琨总主编 |
| 300 | @a并列题名:Follow the history | |
| 330 | @a本书主要分为学院状况和学术活动两部分,具体内容包括:历史沿革与办学规模、学院传统与办学特色、创作条件的与科研条件、文献记录与相关描述、国家美术作品展览获奖及入选、其他项目的获奖成果等。 | |
| 461 | 0 | @12001 @a川美学统文库 |
| 510 | 1 | @aFollow the history@ethe artistic pursuit of Sichuan Fine Arts Institute@iOverview@zeng |
| 601 | 02 | @a四川美术学院@x概况 |
| 690 | @aJ124@v5 | |
| 701 | 0 | @a李敏@Ali min@4编著 |
| 801 | @aCN@b江苏凤凰@c20211018 | |
| 905 | @b1341422-4@dJ124@e171@f3 | |
| 与历史同行:四川美术学院的艺术追求.概况篇=Follow the history:the artistic pursuit of Sichuan Fine Arts Institute.Overview/李敏编著.-北京:人民美术出版社,2020.9 |
| 241页:彩图,彩照;26cm.-(川美学统文库/庞茂琨总主编) |
| 并列题名:Follow the history |
| ISBN 978-7-102-08440-4(精装):CNY186.00 |
| 本书主要分为学院状况和学术活动两部分,具体内容包括:历史沿革与办学规模、学院传统与办学特色、创作条件的与科研条件、文献记录与相关描述、国家美术作品展览获奖及入选、其他项目的获奖成果等。 |
| ● |
| 相关链接 |
|
|
|
|
正题名:与历史同行
索取号:J124/171
 
预约/预借
| 序号 | 登录号 | 条形码 | 馆藏地/架位号 | 状态 | 备注 |
| 1 | 1341422 | 213414223 | 第一样本阅览室/ [索取号:J124/171] | 在馆 | |
| 2 | 1341423 | 213414232 | 第一借阅区/ [索取号:J124/171] | 在馆 | |
| 3 | 1341424 | 213414241 | 第一借阅区/ [索取号:J124/171] | 在馆 |